00302nam a2200109Ia 4500008004100000245005800041260004900099260000900148300001000157500000900167650001600176170224s9999 xx 000 0 und d aIndividual differences in fundamental social motives. bJournal of Personality and Social Psychology c2016 a110:6 aJune xPsychology.